| 000 | 01113nam a22002657a 4500 | ||
|---|---|---|---|
| 001 | 39189 | ||
| 003 | BD-RjUL | ||
| 005 | 20211209052934.0 | ||
| 008 | 160405s1999 b ||||| |||| 000 0 ben d | ||
| 020 |
_a9840738534 : _cTk. 75.00 |
||
| 035 | _a(BD-RjUL) 39301 | ||
| 040 |
_aBD-RjUL _bben _cBD-RjUL |
||
| 041 | _aben | ||
| 082 |
_223 _bMUE 1999 _a321.3095492 |
||
| 100 | 1 | 0 |
_aমোহাম্মদ, ইসা _9120869 |
| 245 | 1 | 0 |
_aএশীয় উৎপাদন ব্যবস্থা ও বাংলাদেশের সামন্তবাদ : _bসন্ধান ও বিচার / _cইসা মোহাম্মদ |
| 260 |
_aঢকা : _bবাংলা একাডেমী, _c১৯৯৯ |
||
| 300 |
_a[১০], ১৫০পৃ. _bচিত্র _c২২ সেমি. |
||
| 490 |
_aবা / এ ; _v৩৮৪৪ |
||
| 504 | _aগ্রন্থপঞ্জি সংযুক্ত। | ||
| 650 |
_aসামন্তবাদ _zবাংলাদেশ _9130417 |
||
| 650 |
_aFeudalism _zBangladesh _9130418 |
||
| 830 |
_aবা / এ ; _v৩৮৪৪ _9119822 |
||
| 942 |
_2ddc _cBK |
||
| 999 |
_c39189 _d39189 |
||